Statistiche per Primi 15 paesi interessati da Covid-19 - 1 giugno

Clicka qui per fare il quiz!

Statistiche generali

  • Questo quiz è stato fatto 3 volte
  • Il punteggio medio è 11 su 25

Statistiche sulle risposte

nazione% Corretto
Francia
100%
Germania
100%
Italia
100%
Russia
100%
Canada
67%
India
67%
Irlanda
67%
Messico
67%
Regno Unito
67%
Spagna
67%
Stati Uniti
67%
Svizzera
67%
Belgio
33%
Brasile
33%
Iran
33%
Svezia
33%
Turchia
33%
Bahrain
0%
Bielorussia
0%
Cile
0%
Cile
0%
Kuwait
0%
Perù
0%
Qatar
0%
Singapore
0%

Distribuzione punteggi

Percentile per numero di risposta

Percentuale di utenti per punteggio

I tuoi punteggi nel tempo

Non hai fatto questo quiz